Every DC Movie - Statistics

General Stats
  • This quiz has been taken 21 times
    7 since last reset
  • The average score is 44 of 159
Answer Stats
Picture Answer % Correct
Batman
100%
Batman
100%
Batman
100%
Batman and Robin
100%
Batman Forever
100%
Batman & Robin
100%
Batman/Superman: Apocalypse
100%
Superman
100%
Superman
100%
Superman
100%
Superman/Batman: Public Enemies
100%
The Batman
100%
The Dark Knight
100%
V for Vendetta
100%
Batman Begins
83%
Batman Returns
83%
Catwoman
83%
Constantine
83%
Green Lantern
83%
Joker
83%
Justice League
83%
Red
83%
Shazam!
83%
Supergirl
83%
Wonder Woman
83%
Wonder Woman
83%
Man of Steel
67%
Superman Returns
67%
The Dark Knight Rises
67%
Watchmen
67%
Aquaman
50%
Batman v Superman: Dawn of Justice
50%
Birds of Prey (and the Fantabulous Emancipation of One Harley Quinn)
50%
Black Adam
50%
Jonah Hex
50%
Red 2
50%
Shazam! Fury of the Gods
50%
Suicide Squad
50%
Superman II
50%
Superman III
50%
Swamp Thing
50%
The Flash
50%
The Lego Batman Movie
50%
The Losers
50%
The Return of Swamp Thing
50%
The Suicide Squad
50%
Adventures of Captain Marvel
33%
A History of Violence
33%
Aquaman and the Lost Kingdom
33%
Batman: Mask of the Phantasm
33%
Batman: The Killing Joke
33%
Blue Beetle
33%
Congo Bill
33%
Joker: Folie à Deux
33%
Road to Perdition
33%
Spy Smasher
33%
Stardust
33%
Steel
33%
Superman and the Mole Men
33%
Superman IV: The Quest for Peace
33%
The Death of Superman
33%
The Kitchen
33%
The League of Extraordinary Gentlemen
33%
Wonder Woman 1984
33%
Atom Man vs. Superman
17%
Batman Beyond: Return of the Joker
17%
Batman: Gotham Knight
17%
Batman: Hush
17%
Batman & Mr. Freeze: SubZero
17%
Batman: Mystery of the Batwoman
17%
DC League of Super-Pets!
17%
Green Lantern: Emerald Knights
17%
Hop Harrigan
17%
Injustice
17%
Justice League Dark
17%
Justice League: The New Frontier
17%
Superman: Brainiac Attacks
17%
Superman: Doomsday
17%
Superman: Red Son
17%
Superman vs. The Elite
17%
Teen Titans: Trouble in Tokyo
17%
The Batman vs. Dracula
17%
The Vigilante
17%
All-Star Superman
0%
Aztec Batman: Clash of Empires
0%
Batman and Harley Quinn
0%
Batman and Superman: Battle of the Super Sons
0%
Batman: Assault on Arkham
0%
Batman: Bad Blood
0%
Batman: Gotham by Gaslight
0%
Batman Ninja
0%
Batman Ninja vs. Yakuza League
0%
Batman: Return of the Caped Crusaders
0%
Batman: Soul of the Dragon
0%
Batman: The Doom That Came to Gotham
0%
Batman: The Long Halloween, Part 1
0%
Batman: The Long Halloween, Part 2
0%
Batman: Under the Red Hood
0%
Batman Unlimited: Animal Instincts
0%
Batman Unlimited: Mechs vs. Mutants
0%
Batman Unlimited: Monster Mayhem
0%
Batman vs. Robin
0%
Batman vs. The Teenage Mutant Ninja Turtles
0%
Batman vs. Two-Face
0%
Batman: Year One
0%
Blackhawk: Fearless Champion of Freedom
0%
Catwoman: Hunted
0%
DC Super Hero Girls: Hero of the Year
0%
DC Super Hero Girls: Intergalactic Games
0%
DC Super Hero Girls: Legends of Atlantis
0%
DC Super Hero Girls: Super Hero High
0%
Green Lantern: Beware My Power
0%
Green Lantern: First Flight
0%
JLA Adventures: Trapped in Time
0%
Justice League: Crisis on Infinite Earths - Part One
0%
Justice League: Crisis on Infinite Earths - Part Three
0%
Justice League: Crisis on Infinite Earths - Part Two
0%
Justice League: Crisis on Two Earths
0%
Justice League Dark: Apokolips War
0%
Justice League: Doom
0%
Justice League: Gods and Monsters
0%
Justice League: The Flashpoint Paradox
0%
Justice League: Throne of Atlantis
0%
Justice League vs. Teen Titans
0%
Justice League vs. The Fatal Five
0%
Justice League: War
0%
Justice League: Warworld
0%
Justice League x RWBY: Super Heroes & Huntsmen, Part One
0%
Justice League x RWBY: Super Heroes & Huntsmen, Part Two
0%
Justice Society: World War II
0%
Legion of Super-Heroes
0%
Lego Batman: The Movie – DC Super Heroes Unite
0%
Lego DC: Batman - Family Matters
0%
Lego DC Comics Super Heroes: Aquaman – Rage of Atlantis
0%
Lego DC Comics Super Heroes: Batman Be-Leaguered
0%
Lego DC Comics Super Heroes: Justice League – Attack of the Legion of Doom
0%
Lego DC Comics Super Heroes: Justice League – Cosmic Clash
0%
Lego DC Comics Super Heroes: Justice League – Gotham City Breakout
0%
Lego DC Comics Super Heroes: Justice League vs. Bizarro League
0%
Lego DC Comics Super Heroes: The Flash
0%
Lego DC Shazam! Magic and Monsters
0%
Lego DC Super Hero Girls: Brain Drain
0%
Lego DC Super Hero Girls: Super-Villain High
0%
Merry Little Batman
0%
Reign of the Supermen
0%
Scooby-Doo! & Batman: The Brave and the Bold
0%
Son of Batman
0%
Suicide Squad: Hell to Pay
0%
Superman: Man of Tomorrow
0%
Superman: Unbound
0%
Teen Titans Go! & DC Super Hero Girls: Mayhem in the Multiverse
0%
Teen Titans Go! To the Movies
0%
Teen Titans Go! vs. Teen Titans
0%
Teen Titans: The Judas Contract
0%
The Dark Knight Returns - Part 1
0%
The Dark Knight Returns - Part 2
0%
Watchmen Chapter I
0%
Watchmen Chapter II
0%
Wonder Woman: Bloodlines
0%
No matching quizzes found
Score Distribution
Percent of People with Each Score
Percentile by Number Answered
Your Score History
You have not taken this quiz since the last reset